Literatura de la revolución bolchevique /

Diez ensayos acerca de la inspiración, la estética y las ideas que definieron a la literatura soviética durante los años de la Revolución y los años veinte. Se analizan aspectos como la representación de las vísperas de la “gran noche de Petrogrado”, la poesía sobre las barricadas, los escritores pr...

Полное описание

Сохранить в:
Библиографические подробности
Главный автор: Brajnovic, Luka (autor)
Формат:
Язык:испанский
Опубликовано: Pamplona, España : Universidad de Navarra, 1975, c1975
Серии:(Colección Cultural de Bolsillo. Temas NT ; 2)
Предметы:
Метки: Добавить метку
Нет меток, Требуется 1-ая метка записи!

MARC

LEADER 00000nam^a2200000^a^4500
001 000624602
005 20251127000000.0
009 20260310133959.453
020 |a 84-313-0346-6 
025 |a Donación Sandra Valdés, 1 ejemplar 
037 |a Acervo ITESO - Biblioteca 
041 |a ESP 
082 |a 891. 700947084  |b BRA 
100 |a Brajnovic, Luka  |e (autor) 
245 1 0 |a Literatura de la revolución bolchevique /  |c L. Brajnovic. 
264 4 |a Pamplona, España :  |b Universidad de Navarra,  |c 1975, c1975 
300 |a 166 p. 
336 |a texto  |b txt  |2 rdacontenido 
337 |a sin mediación  |b n  |2 rdamedio 
338 |a volumen  |b nc  |2 rdasoporte 
440 1 |a (Colección Cultural de Bolsillo.  |p Temas NT ;  |v 2) 
520 |a Diez ensayos acerca de la inspiración, la estética y las ideas que definieron a la literatura soviética durante los años de la Revolución y los años veinte. Se analizan aspectos como la representación de las vísperas de la “gran noche de Petrogrado”, la poesía sobre las barricadas, los escritores proletarios, la organización de la conciencia obrera, entre otros asuntos. 
649 |a XX 
650 |a Clases Sociales en la Literatura -  |z Rusia -  |x Historia y Crítica 
650 |a Revolución en la Literatura -  |z Rusia -  |x Historia y Crítica 
650 |a Poesía Rusa -  |x Historia y Crítica 
650 |a Novela Rusa -  |x Historia y Crítica 
650 |a Literatura Infantil -  |z Rusia -  |x Historia y Crítica 
650 |a Literatura Rusa -  |x Historia y Crítica -  |x Tema Principal 
650 |a Literatura Rusa -  |y Siglo XX 
650 |a Rusia -  |x Historia -  |y Revolución de Octubre, 1917-1922 
650 |a Rusia -  |x Historia -  |y URSS, 1922-1991 
650 |a Rusia -  |x Historia -  |y 1920-1929 
650 |a Rusia -  |x Historia -  |y Siglo XX 
910 |a Fondo General 
920 |a Impresos - Libros 
930 |a Colección General 
940 |a Literatura 
905 |a 101 
901 |a 624602-10  |b IT1  |c LIT  |i D  |u 20251127 
902 |a https://opac.biblio.iteso.mx/vufind/Record/000624602